000 01085nam a2200229Ia 4500
003 OSt
005 20210107132010.0
008 191128s2016 ck ado fr 000 0 spa d
020 _a9789585951341
040 _aCO-JMCR
_cCO-JMCR
041 0 _aspa
082 0 4 _a333.75 /
_bP349o
_223
110 2 _aInstituto Amazónico de Investigaciones Científicas, Sinchi.
_96125
245 1 0 _aOrientaciones para reducción de la deforestación y degradación de los bosques :
_bejemplo de la utilización de estudios de motores de deforestación en la planeación territorial para la Amazonia colombiana /
_c[fotografías, Luis Carlos Peña Briceño]
260 _aBogotá :
_bInstituto Amazónico de Investigaciones Cientificas Sinchi,
_c2016
300 _a80 páginas :
_bfotografías y gráficos a color ;
_c22 cm.
504 _aBibliografía: páginas 79-81
650 1 4 _aDeforestación
_xcontrol
_zAmazonas (Región, Colombia)
_96126
650 2 4 _aConservación de bosques
_zAmazonas (Región, Colombia)
_96127
700 1 _aPeña Briceño, Luis Carlos,
_efotógrafo
_96128
942 _2ddc
_cBK
999 _c3895
_d3895